5 pytań dotyczące polski - Statystyki

Ogólne statystyki
  • Ten quiz został rozwiązany 63 razy
  • Średni wynik to 2 z 5
Statystyki odpowiedzi
Zagadnienie Odpowiedź % Poprawnych
Ile jest miast w Polsce 1013
75%
Trzecie największe miasto w polsce Wrocław
75%
Najszybciej rozwijające się miasto Warszawa
50%
Miasto z najmniejszą liczbą ludności Opatowiec
0%
Najstarsze polskie miasto Złotoryja
0%
Nie znaleziono quizów pasujących do podanych kryteriów
Rozkład punktacji
Procent ludzi z każdym wynikiem
Percentyl według liczby udzielonych odpowiedzi
Twoja historia wyników
Nie rozwiązałeś tego quizu